000
00233nam a22000857a 4500
008
160818b xxu||||| |||| 00| 0 eng d
100
_9
174
_a
Garner J
245
_a
Exploring Art activity
260
_a
New Delhi
_b
Rachna Sagar publication
_c
2009
999
_c
2832
_d
2832